Dragon Ball characters - Sudden Death - Statistics

General Stats
  • This quiz has been taken 677 times
  • The average score is 5 of 11
Answers on the Grid
Answers color-coded by a green-red scale on the quiz's grid according to % correct below.
Kakarotto
Naruto
Olaf
Hao
Lapis
Capt. Bomb
Radish
Wu-kong
Lazuli
Naoe
Luffy
Doronjo
Daimos
Beerus
Zen-Oh
Richter
Lt. Holster
Zamasu
Spopovich
Tonzura
Tarble
Daigoron
Sadaso
Necrozma
Dodoria
Boyacky
Pirozhki
Zaarbon
 
Answer Stats
Answer % Correct
Kakarotto
81%
Beerus
66%
Zamasu
58%
Dodoria
56%
Zaarbon
51%
Zen-Oh
45%
Tarble
44%
Spopovich
39%
Lapis
33%
Lazuli
31%
Pirozhki
5%
No matching quizzes found
Score Distribution
Percent of People with Each Score
Percentile by Number Answered
Your Score History
You have not taken this quiz